Industrial Safety and Health Management / (Record no. 12788)
[ view plain ]
| 000 -LEADER | |
|---|---|
| fixed length control field | 01811cam a22004098a 4500 |
| 001 - CONTROL NUMBER | |
| control field | 15783397 |
| 005 - DATE AND TIME OF LATEST TRANSACTION | |
| control field | 20090624140108.0 |
| 008 - FIXED-LENGTH DATA ELEMENTS--GENERAL INFORMATION | |
| fixed length control field | 090619s2010 mau b 001 0 eng |
| 010 ## - LIBRARY OF CONGRESS CONTROL NUMBER | |
| LC control number | 2009025500 |
| 020 ## - INTERNATIONAL STANDARD BOOK NUMBER | |
| International Standard Book Number | 9780132076500 |
| 020 ## - INTERNATIONAL STANDARD BOOK NUMBER | |
| International Standard Book Number | 0132076500 |
| 035 ## - SYSTEM CONTROL NUMBER | |
| System control number | (DNLM)101508632 |
| 040 ## - CATALOGING SOURCE | |
| Original cataloging agency | DNLM/DLC |
| Transcribing agency | DLC |
| 042 ## - AUTHENTICATION CODE | |
| Authentication code | pcc |
| 050 00 - LIBRARY OF CONGRESS CALL NUMBER | |
| Classification number | T55 |
| Item number | .A83 2010 |
| 060 10 - NATIONAL LIBRARY OF MEDICINE CALL NUMBER | |
| Classification number | WA 400 |
| Item number | A817i 2010 |
| 082 00 - DEWEY DECIMAL CLASSIFICATION NUMBER | |
| Edition number | 22 |
| Classification number | 613.62 |
| Item number | ASF |
| 100 1# - MAIN ENTRY--PERSONAL NAME | |
| Personal name | Asfahl, C. Ray, |
| Dates associated with a name | 1938- |
| 9 (RLIN) | 8843 |
| 245 10 - TITLE STATEMENT | |
| Title | Industrial Safety and Health Management / |
| Statement of responsibility, etc | C. Ray Asfahl, David W. Rieske. |
| 250 ## - EDITION STATEMENT | |
| Edition statement | 6th ed. |
| 260 ## - PUBLICATION, DISTRIBUTION, ETC. (IMPRINT) | |
| Place of publication, distribution, etc | Boston : |
| Name of publisher, distributor, etc | Prentice Hall, |
| Date of publication, distribution, etc | c2010. |
| 263 ## - PROJECTED PUBLICATION DATE | |
| Projected publication date | 1007 |
| 300 ## - PHYSICAL DESCRIPTION | |
| Extent | 576 p. ; |
| Dimensions | 24 cm. |
| Other physical details | ill.; |
| 500 ## - GENERAL NOTE | |
| General note | "International Edition" -- cover |
| 504 ## - BIBLIOGRAPHY, ETC. NOTE | |
| Bibliography, etc | Includes bibliographical references and index. |
| 650 #0 - SUBJECT ADDED ENTRY--TOPICAL TERM | |
| Topical term or geographic name as entry element | Industrial safety. |
| 9 (RLIN) | 8844 |
| 650 #0 - SUBJECT ADDED ENTRY--TOPICAL TERM | |
| Topical term or geographic name as entry element | Industrial hygiene. |
| 9 (RLIN) | 8845 |
| 650 12 - SUBJECT ADDED ENTRY--TOPICAL TERM | |
| Topical term or geographic name as entry element | Occupational Health Services |
| General subdivision | organization & administration |
| Geographic subdivision | United States. |
| 9 (RLIN) | 8846 |
| 650 22 - SUBJECT ADDED ENTRY--TOPICAL TERM | |
| Topical term or geographic name as entry element | Accidents, Occupational |
| General subdivision | prevention & control |
| Geographic subdivision | United States. |
| 9 (RLIN) | 8847 |
| 650 22 - SUBJECT ADDED ENTRY--TOPICAL TERM | |
| Topical term or geographic name as entry element | Occupational Diseases |
| General subdivision | prevention & control |
| Geographic subdivision | United States. |
| 9 (RLIN) | 8848 |
| 700 1# - ADDED ENTRY--PERSONAL NAME | |
| Personal name | Rieske, David W. |
| 9 (RLIN) | 8849 |
| 942 ## - ADDED ENTRY ELEMENTS (KOHA) | |
| Source of classification or shelving scheme | Dewey Decimal Classification |
| Item type | Book - Borrowing |
| Withdrawn status | Item status | Source of classification or shelving scheme | Damaged status | Not for loan | Vendor | Home library | Current library | Shelving location | Date acquired | Source of acquisition | Total Checkouts | Total Renewals | Full call number | Barcode | Date last seen | Date last borrowed | Koha item type | Materials specified (bound volume or other part) |
|---|---|---|---|---|---|---|---|---|---|---|---|---|---|---|---|---|---|---|
| Dewey Decimal Classification | Baccah | Central Library | Central Library | First floor | 13/10/2009 | 14 | 29 | 613.62 ASF | 000018288 | 15/07/2025 | 01/10/2019 | Book - Borrowing | ||||||
| Lost | Dewey Decimal Classification | Baccah | Central Library | Central Library | First floor | 13/10/2009 | 11 | 36 | 613.62 ASF | 000018289 | 30/10/2019 | 01/10/2019 | Book - Borrowing | Lost In Inventory_24-8-2022 | ||||
| Dewey Decimal Classification | Baccah | Central Library | Central Library | First floor | 05/03/2012 | 10 | 43 | 613.62 ASF | 000026307 | 15/07/2025 | 27/09/2020 | Book - Borrowing |